00565nam a22001217a 4500008004100000020001500041050002800056245024300084260004300327300002200370440003600392800001500428140822b xxu||||| |||| 00| 0 eng d a0406092567 aKD277.7.L39(1893 vol.1) aThe Law Reports (1893 vol.1) Queen's bench division: Of the Incorporated council of law reporting. Queen's Bench Division and on appeal therefrom in the Court of appeal, decision of the Railway and canal commission./cEdited by Stone A. P aLondon:bButterworth & co Ltd.,c1893. aXv, 782p.:c24cm. pQueen's Bench Division.vVol. 1 aStone A. P